Vista normal Vista MARC

Entrada Corporate Name

Número de registros utilizados en: 1

001 - CONTROL NUMBER

  • control field: 41162

003 - CONTROL NUMBER IDENTIFIER

  • control field: OSt

005 - DATE AND TIME OF LATEST TRANSACTION

  • control field: 20211014115749.0

008 - FIXED-LENGTH DATA ELEMENTS

  • fixed length control field: 211014|| aca||aabn | a|a d

040 ## - CATALOGING SOURCE

  • Original cataloging agency: OSt
  • Transcribing agency: OSt

110 ## - HEADING--CORPORATE NAME

  • Corporate name or jurisdiction name as entry element: Chile.
  • Subordinate unit: Ministerio de Hacienda Dirección de Presupuestos

670 ## - SOURCE DATA FOUND

  • Source citation: Work cat.: (OSt)12688: Chile. Ministerio de Hacienda Dirección de Presupuestos., Informe de finanzas publicas proyecto de ley de presupuestos del sector publico para el año 2011 /, 2010.